000 00362nam a2200145Ia 4500
008 230917s9999||||xx |||||||||||||| ||und||
040 _e109485
_aMAIN
041 _aEnglish
082 _a519.5 G192S
100 _aGarrett, Henry E
245 0 _aStatistics in Psychology and education
260 _aNew Delhi
_bParagon
_c2004
300 _a491 p.
942 _cBK
999 _c122821
_d122821